000 00943namaa2200301 a 4500
001 vtls000176249
003 NLI
005 20210602105841.0
008 101125s1983 maua 001 0 eng
020 _a0262021854 :
_cUSD 28.69
039 9 _y201011252133
_zVLOAD
040 _aNLI
_cVTLS-2010
_eAACR2
041 0 _aeng
082 0 4 _a382
100 1 _aBhagwati, Jagdish N.,
_d1934-
_9335844
245 1 0 _aLectures on international trade /
_cJagdish N. Bhagwati and T.N. Srinivasan
260 _aCambridge, Mass. :
_bMIT Press,
_cc1983
300 _axi, 414 p. :
_bill. ;
_c24 cm.
504 _aIncludes bibliographies and index
650 0 _aInternational trade
_95607
650 0 _aCommercial policy
_9193271
700 1 _aSrinivasan, T. N.,
_d1933-
_4jt. aut
_9345777
887 _a
901 _a483298
_b2.4.85
902 _aE 382 B 469 a
942 _2ddc
_cBKS
949 _AVIRTUAITEM
_D10000
_X100
_6PUR000483298ENG
999 _aVIRTUA40
_c182995
_d182995